SOFTWARE - OBJEKT NEDOSTATOČNEJ PRÁVNEJ OCHRANY

Bibliographic Details
Main Author: Drgonec, Ján, 1952- (Author)
Format: Article
Language:Slovak

MARC

LEADER 00000nab a2200000ua 4500
001 vtls010781903
003 SK-MaSNL
005 20260303153122.0
008 230222s1988 xo |||||||||||||||||slo|
035 |a (urnnbn)urn:nbn:sk:snk:ar-a02z3o 
035 |a (uuid)2c7b60ca-6d60-47f1-846e-7f878a5a81c6 
035 |a urn:nbn:sk:snk-ab4plt 
040 |a SNKBUCL  |b slo  |c SNKBUCL  |e AACR2 
041 0 |a slo 
044 |a xo  |c SK 
100 1 |a Drgonec, Ján,  |d 1952-  |4 aut  |9 221016 
245 1 0 |a SOFTWARE - OBJEKT NEDOSTATOČNEJ PRÁVNEJ OCHRANY  |c J. Drgonec 
773 0 |t Právny obzor  |g Roč. 71, č. 3 (1988), s. 250-261 
954 |a odborná, vedecká literatúra pôvodná (slovenská)  |2 lita 
958 |a OND 
958 |a EUIPO 
958 |a article3 
999 |c 2026558  |d 2028488